La guerra Europea 1914-1915: reconstitución informativa de la campaña y de sus derivaciones políticas y sociales
Gespeichert in:
| Hauptverfasser: | , |
|---|---|
| Format: | Buch |
| Sprache: | Spanisch |
| Veröffentlicht: |
Barcelona, España
Maucci
1930
|
| Schlagworte: | |
| Tags: |
Tag hinzufügen
Keine Tags, Fügen Sie den ersten Tag hinzu!
|
MARC
| LEADER | 00000nam a2200000 a 4500 | ||
|---|---|---|---|
| 001 | UCO0314 | ||
| 003 | CL-VaPUC | ||
| 005 | 20210728001526.0 | ||
| 008 | 000420e19300000SP |||||||||||||||||spa|d | ||
| 999 | |c 287027 |d 287025 | ||
| 040 | |c Pontificia Universidad Católica de Valparaíso | ||
| 082 | 0 | 4 | |a 940.3 CAL 1930 |2 21 |
| 100 | 0 | |a Calvo, Gonzalo |e author |9 441509 | |
| 245 | 1 | 3 | |a La guerra Europea 1914-1915: |b reconstitución informativa de la campaña y de sus derivaciones políticas y sociales |
| 260 | |a Barcelona, España |b Maucci |c 1930 | ||
| 300 | |a 10 volúmenes | ||
| 500 | |a v.1: 1914-1915 | ||
| 500 | |a v.2: 1914-1915 | ||
| 500 | |a v.3: 1914-1915 | ||
| 500 | |a v.4: 1914-1916 | ||
| 500 | |a v.5: 1914-1917 | ||
| 500 | |a v.6: 1914-1917 | ||
| 500 | |a v.7: 1914-1918 | ||
| 500 | |a v.8: 1914-1918 | ||
| 500 | |a v.9: 1914-1919 | ||
| 500 | |a v.10: 1914-1919 | ||
| 583 | |a last modification |c 20160912 03:48:15 |k Rodrigo Vera | ||
| 650 | 7 | |a HISTORIA DE EUROPA |2 CL-VaPUC |9 319599 |y SIGLO 20 | |
| 650 | 0 | |a Historia contemporánea |z EUROPA |9 343224 | |
| 650 | 0 | |a Primera Guerra Mundial |z EUROPA |9 373283 | |
| 700 | 0 | |a Brissa, José |e author |9 441510 | |
| 942 | |c BK |2 ddc | ||
| 945 | |d 20000420 00:00:00 |a rherrera | ||
| 952 | |0 0 |1 0 |2 ddc |4 0 |6 940_300000000000000_CAL_1930 |7 0 |8 X |9 333404 |a BIBHIS |b BIBHIS |d 2019-11-20 |h v.1 |i 1264567 |o 940.3 CAL 1930 |p 1264567 |r 2024-01-30 |t 1 |w 2019-11-20 |y BK_X |k HIS | ||
| 952 | |0 0 |1 0 |2 ddc |4 0 |6 940_300000000000000_CAL_1930 |7 0 |8 X |9 333405 |a BIBHIS |b BIBHIS |d 2019-11-20 |h v.2 |i 1264575 |o 940.3 CAL 1930 |p 1264575 |r 2024-01-30 |t 1 |w 2019-11-20 |y BK_X |k HIS | ||
| 952 | |0 0 |1 0 |2 ddc |4 0 |6 940_300000000000000_CAL_1930 |7 0 |8 X |9 333406 |a BIBHIS |b BIBHIS |d 2019-11-20 |h v.3 |i 1264583 |o 940.3 CAL 1930 |p 1264583 |r 2024-01-30 |t 1 |w 2019-11-20 |y BK_X |k HIS | ||
| 952 | |0 0 |1 0 |2 ddc |4 0 |6 940_300000000000000_CAL_1930 |7 0 |8 X |9 333407 |a BIBHIS |b BIBHIS |d 2019-11-20 |h v.4 |i 1264591 |o 940.3 CAL 1930 |p 1264591 |r 2024-01-30 |t 1 |w 2019-11-20 |y BK_X |k HIS | ||
| 952 | |0 0 |1 0 |2 ddc |4 0 |6 940_300000000000000_CAL_1930 |7 0 |8 X |9 333408 |a BIBHIS |b BIBHIS |d 2019-11-20 |h v.5 |i 1265822 |o 940.3 CAL 1930 |p 1265822 |r 2024-01-30 |t 1 |w 2019-11-20 |y BK_X |k HIS | ||
| 952 | |0 0 |1 0 |2 ddc |4 0 |6 940_300000000000000_CAL_1930 |7 0 |8 X |9 333409 |a BIBHIS |b BIBHIS |d 2019-11-20 |h v.6 |i 1265830 |o 940.3 CAL 1930 |p 1265830 |r 2024-01-30 |t 1 |w 2019-11-20 |y BK_X |k HIS | ||
| 952 | |0 0 |1 0 |2 ddc |4 0 |6 940_300000000000000_CAL_1930 |7 0 |8 X |9 333410 |a BIBHIS |b BIBHIS |d 2019-11-20 |h v.7 |i 1265849 |o 940.3 CAL 1930 |p 1265849 |r 2024-01-30 |t 1 |w 2019-11-20 |y BK_X |k HIS | ||
| 952 | |0 0 |1 0 |2 ddc |4 0 |6 940_300000000000000_CAL_1930 |7 0 |8 X |9 333411 |a BIBHIS |b BIBHIS |d 2019-11-20 |h v.8 |i 1265857 |o 940.3 CAL 1930 |p 1265857 |r 2024-01-30 |t 1 |w 2019-11-20 |y BK_X |k HIS | ||
| 952 | |0 0 |1 0 |2 ddc |4 0 |6 940_300000000000000_CAL_1930 |7 0 |8 X |9 333412 |a BIBHIS |b BIBHIS |d 2019-11-20 |h v.9 |i 1265865 |o 940.3 CAL 1930 |p 1265865 |r 2024-01-30 |t 1 |w 2019-11-20 |y BK_X |k HIS | ||
| 952 | |0 0 |1 0 |2 ddc |4 0 |6 940_300000000000000_CAL_1930 |7 0 |8 X |9 333413 |a BIBHIS |b BIBHIS |d 2019-11-20 |h v.10 |i 1265873 |o 940.3 CAL 1930 |p 1265873 |r 2024-01-30 |t 1 |w 2019-11-20 |y BK_X |k HIS | ||